Trabajos del Sanatorio Antituberculoso de Ofra y del Dispensario Central de Santa Cruz de Tenerife Canarias (España). (Record no. 180212)

MARC details
000 -LEADER
campo de control de longitud fija 00717nam a2200181 i 4500
001 - NÚMERO DE CONTROL
campo de control 180212
003 - IDENTIFICADOR DE NÚMERO DE CONTROL
campo de control ES-MaACL
005 - FECHA Y HORA DE LA ÚLTIMA TRANSACCIÓN
campo de control 20250730025326.0
008 - DATOS DE LONGITUD FIJA--INFORMACIÓN GENERAL
campo de control de longitud fija 120518s1952 sp |||| | spa d
080 ## - NÚMERO DE LA CLASIFICACIÓN DECIMAL UNIVERSAL
Número de la Clasificación Decimal Universal 616-002.5
245 00 - MENCIÓN DEL TÍTULO
Título Trabajos del Sanatorio Antituberculoso de Ofra y del Dispensario Central de Santa Cruz de Tenerife Canarias (España).
Número de parte o sección de la obra Volumen X,
Nombre de parte o sección de la obra Años 1950-51 /
Mención de responsabilidad, etc. director: T. Cerviá.
260 ## - PUBLICACIÓN, DISTRIBUCIÓN, ETC.
Lugar de publicación, distribución, etc. Santa Cruz de Tenerife :
Nombre del editor, distribuidor, etc. Sanatorio Antituberculoso de Ofra y del Dispensario Central,
Fecha de publicación, distribución, etc. 1952.
300 ## - DESCRIPCIÓN FÍSICA
Extensión 180 p. ;
Dimensiones 21 cm.
650 07 - PUNTO DE ACCESO ADICIONAL DE MATERIA--TÉRMINO DE MATERIA
Término de materia o nombre geográfico como elemento de entrada Tuberculosis
Fuente del encabezamiento o término embne
9 (RLIN) 17658
700 1# - ENTRADA AGREGADA--NOMBRE PERSONAL
Nombre de persona Cerviá, Tomás (
Fechas asociadas al nombre 1902-1962)
9 (RLIN) 37660
852 ## - LOCALIZACIÓN
Ubicación ES-MaACL
Número de control de estantería E-15426
Encuadernación .- P-828 bis
Holdings
Estatus retirado Estado de pérdida Estado de daño No para préstamo Biblioteca de origen Biblioteca actual Ubicación en estantería Fecha de adquisición Fuente de adquisición Total de préstamos Signatura topográfica completa Código de barras Visto por última vez Precio de reemplazo Tipo de ítem Koha
        Biblioteca del Ateneo de Madrid Biblioteca del Ateneo de Madrid Depósito 2 18/05/2012     E-15426 1189362 23/02/2023 23/02/2023 Libro impreso